000 00689nam a2200217 i 4500
001 15310
003 ES-MaACL
005 20230906151036.0
007 t|
008 000214s1998 sp ||||0| spa j
020 _a84-89133-06-9
040 _aM-BN
_bspa
_cM-BN
080 _a821.134.2-82"19"
100 1 _aCarranque de Ríos, Andrés.
_9179997
245 1 0 _aObra completa de Carranque de Ríos /
_cedición, introducción, cronología y bibliografía de José Luis Fortea.
260 _aMadrid :
_bEdiciones del Imán,
_c[1998]
300 _a968 p. :
_b1 retr. ;
_c21 cm.
700 1 _aFortea, José Luis.
_951845
852 _aES-MaACL
_jL-22599
_bR.127888
999 _c15310
_d15310